Normal view
MARC view
- Lott, Johnny W.,
Entry Personal Name
001 - CONTROL NUMBER
- control field: 105663
003 - CONTROL NUMBER IDENTIFIER
- control field: NUST
005 - DATE AND TIME OF LATEST TRANSACTION
- control field: 20221222123935.0
008 - FIXED-LENGTH DATA ELEMENTS
- fixed length control field: 221222|| aca||aabn | a|a d
040 ## - CATALOGING SOURCE
- Original cataloging agency: NUST
- Transcribing agency: NUST
100 ## - HEADING--PERSONAL NAME
- Personal name: Lott, Johnny W.,
- Dates associated with a name: 1944-
670 ## - SOURCE DATA FOUND
- Source citation: Work cat.: (NUST)175271: Billstein, Rick. 105661, A problem solving approach to mathematics for elementary school teachers / , c1993.
